[Event "EWCCC Online Preliminary-C 2020"]
[Site "Online"]
[Date "2020.12.19"]
[Round "4.3"]
[White "Toma, Katarzyna"]
[Black "Girya, Olga"]
[Result "0-1"]
[WhiteElo "2289"]
[BlackElo "2469"]
[Annotator "TA"]
[PlyCount "72"]
[EventDate "2020.12.19"]
[EventType "team-tourn"]
[EventCountry "NET"]
[SourceTitle "playchess.com"]
[Source "ChessBase"]
[SourceQuality "1"]

{[%evp 12,72,18,18,18,20,16,-6,-6,-33,-13,-14,-14,-13,0,0,2,0,4,-120,-129,-122,-114,-145,-123,-116,-138,-178,-175,-187,-187,-181,-195,-185,-164,-189,-156,-166,-157,-170,-167,-250,-248,-268,-267,-258,-257,-252,-250,-289,-260,-297,-178,-220,-160,-470,-462,-1068,-1068,-1193,-530,-1473,-1224]} 1. e4 c6 2. d4 d5 3. exd5 cxd5 4. Bd3 Nc6 5. c3 Nf6 6. Ne2 Bg4 7. O-O e6 {B13: Caro-Kann: Exchange Variation and Panov-Botvinnik Attack.} 8. Qe1 Bd6 9. f3 Bh5 $1 {The position is equal.} 10. Qh4 {[#]} Qb6 $146 ({Predecessor:} 10... Rg8 11. Bg5 Bg6 12. Bxg6 hxg6 13. Nd2 Qe7 14. f4 O-O-O 15. Nf3 Rh8 16. Qe1 Qc7 {1-0 (72) Skliarov,V (2376)-Stupak,K (2520) chess.com INT 2020}) 11. Nf4 Bxf4 12. Qxf4 Bg6 13. Bxg6 hxg6 14. Re1 O-O $36 {[%mdl 2048] ...e5 is the strong threat. Black is more active.} 15. Nd2 (15. Qe3 $1 $11) 15... e5 $1 $17 {[%cal Re5f4] Black continues to play with concentration.} 16. Qh4 exd4 17. Nb3 {[%cal Rb3d4]} dxc3+ 18. Be3 Qb4 ({Don't play} 18... cxb2 19. Bxb6 bxa1=R 20. Rxa1 $11) 19. Qf2 cxb2 20. Rab1 {intending Bc5.} Rfe8 21. Rxb2 Qd6 22. Rd1 b6 23. Nd4 Nxd4 24. Bxd4 Re6 25. Rbd2 Rae8 26. Bxf6 (26. Qf1 $142) 26... gxf6 $19 ({Less strong is} 26... Rxf6 27. Rxd5 Qc6 28. h3 $17) 27. Rxd5 {[#]} Re1+ $1 {[%mdl 576] Deflection} 28. Rxe1 Rxe1+ 29. Qxe1 Qxd5 {[%mdl 4096] Endgame KQ-KQ} 30. Qe2 b5 31. Kf2 b4 (31... a5 $142 32. Qc2 Qd4+ 33. Ke2 Qe5+ 34. Kd3 Qxh2) 32. Qc2 a5 {[%cal Ba7a5,Ba5a4][%mdl 32]} 33. h3 $2 (33. Qa4 $17) 33... Qb5 {Black is clearly winning.} 34. Ke3 (34. Qe2 $142 Qc5+ 35. Kf1) 34... a4 35. Kd2 Kg7 (35... Qg5+ $142 36. Kd3 Qd5+ 37. Ke3 {[#]} b3 $1 {[%mdl 512]} 38. axb3 axb3) 36. Qd3 Qg5+ {[%mdl 64] Double Attack. Accuracy: White = 42%, Black = 84%.} 0-1

[Event "EWCCC Online Preliminary-C 2020"]
[Site "Online"]
[Date "2020.12.19"]
[Round "4.3"]
[White "Head, Louise"]
[Black "Dordzhieva, Dinara"]
[Result "0-1"]
[WhiteElo "2090"]
[BlackElo "2352"]
[Annotator "TA"]
[PlyCount "68"]
[EventDate "2020.12.19"]
[EventType "team-tourn"]
[EventCountry "NET"]
[SourceTitle "playchess.com"]
[Source "ChessBase"]
[SourceQuality "1"]

{[%evp 19,68,13,27,0,0,-9,-9,-13,-11,-20,-14,-20,-13,-13,0,0,0,0,0,-2,0,-36,1,-22,0,-22,-21,-21,-13,-57,-52,-521,-521,-520,-512,-551,-425,-576,-566,-609,-673,-1767,-1741,-1680,-1589,-1850,-1731,-1733,-1561,-1118,-1019]} 1. d4 Nf6 2. c4 e6 3. Nf3 d5 4. Nc3 dxc4 5. e3 a6 6. a4 c5 7. Bxc4 Nc6 8. O-O Be7 9. dxc5 Qxd1 {9...Bxc5 is more fashionable.} 10. Rxd1 Bxc5 11. Nd4 {D27: Queen's Gambit Accepted: Classical main line: 7 e4!? and 7 a4.} Bd7 12. Nxc6 Bxc6 13. b3 {The position is equal.} Ke7 14. Bb2 Rhd8 15. Ne2 Rxd1+ 16. Rxd1 {[#]} b5 $146 (16... Rc8 {with more complications.} 17. Nd4 Be4 18. Nf3 Nd7 19. h3 h6) ({Predecessor:} 16... Rd8 17. Rxd8 Kxd8 18. Bd4 Bxd4 19. Nxd4 Bd5 20. Bxd5 Nxd5 21. Kf1 Kc7 22. Ke2 Kd6 {½-½ (22) Krasenkow,M (2460)-Gelfand,B (2505) Vilnius 1988}) 17. axb5 axb5 18. Bd3 Bd7 19. Bd4 Bd6 20. Ra1 (20. f4 {is more complex.} Ra3 21. e4 Bb4 22. Nc3 Kf8 23. Rb1) 20... Rc8 21. Rc1 Rb8 22. Bc5 (22. f4 {keeps more tension.} Nd5 23. g3 f6 24. Be4 h6 25. Ra1) 22... Bxc5 23. Rxc5 Ra8 24. f3 (24. e4 {looks sharper.} Kd6 25. b4 Ra1+ 26. Rc1 Ra4 27. Rb1) 24... Nd5 25. Rc3 $2 {[%mdl 8192] [#] This costs White the game.} ({Much worse is} 25. Bxh7 g6 $17) (25. Kf2 $15) 25... Nxc3 $19 {Black is clearly winning.} 26. Nxc3 {[%mdl 4096] Endgame KRB-KBN} b4 27. Ne4 Ra3 28. Bc4 Bc6 29. Nd2 Ra2 30. Ne4 Bxe4 31. fxe4 Kd6 32. h3 Ke5 33. Kh2 Kxe4 34. Kg3 Kxe3 {Weighted Error Value: White=0.85/Black=0.12} 0-1

[Event "EWCCC Online Preliminary-C 2020"]
[Site "Online"]
[Date "2020.12.19"]
[Round "4.4"]
[White "Hoang, Thanh Trang"]
[Black "Belenkaya, Dina"]
[Result "1-0"]
[WhiteElo "2404"]
[BlackElo "2293"]
[Annotator "TA"]
[PlyCount "65"]
[EventDate "2020.12.19"]
[EventType "team-tourn"]
[EventCountry "NET"]
[SourceTitle "playchess.com"]
[Source "ChessBase"]
[SourceQuality "1"]

{[%evp 9,65,0,-3,-17,32,29,32,32,29,7,26,28,47,0,70,75,158,82,83,81,92,89,100,86,104,101,135,33,29,32,21,19,53,0,0,0,0,0,14,16,12,-47,-45,-54,-51,-73,57,53,50,52,378,358,537,537,537,490,585,585]} 1. d4 d5 2. Bf4 c5 3. e3 Nc6 4. Nf3 Nf6 5. Nbd2 Qb6 6. dxc5 {D02: 1 d4 d5 2 Nf3 sidelines, including 2...Nf6 3 g3 and 2...Nf6 3 Bf4.} Qxc5 7. a3 Bg4 8. Be2 {White is slightly better.} e6 9. O-O Rd8 10. Rc1 Qb6 11. b4 Be7 {[#]} (11... a5 $11) 12. c4 $146 {[%cal Rc4c5] [#] Hoping for c5.} ({Predecessor:} 12. h3 Bxf3 13. Nxf3 Ne4 14. c4 dxc4 15. Qc2 Nd6 16. Bxc4 Nxc4 17. Qxc4 a6 18. Ne5 {0-1 (57) Vuckovic,J (1904)-Benderac,A (2298) Pozarevac 2009}) 12... dxc4 (12... Bxf3 $142 13. Bxf3 O-O) 13. Qc2 ({Worse is} 13. Rxc4 a5 $11) ({Inferior is} 13. Bxc4 Bxf3 14. gxf3 Nh5 $15) ({White should play} 13. Nxc4 Rxd1 14. Rfxd1 Bxf3 15. gxf3) 13... Bxf3 $16 14. Bxf3 O-O 15. Nxc4 Qb5 16. Rfd1 Nd5 17. Bg3 a5 18. bxa5 (18. e4 $16 Nf6 19. Nd6 Bxd6 20. Bxd6) 18... Nxa5 $14 19. Nxa5 Qxa5 20. e4 Nf6 21. Bc7 (21. Rxd8 $14 Qxd8 22. a4) 21... Rxd1+ $11 22. Rxd1 Qxa3 {...Rc8 is the strong threat.} 23. Qb1 Qb4 24. Qxb4 Bxb4 25. Rb1 (25. e5 $11 Nd5 26. Bxd5 exd5 27. Kf1) 25... Rc8 $15 26. Bf4 Rc4 27. Be3 Nd7 (27... Nxe4 $17 28. g3 g6) 28. Be2 $1 $14 {[%cal Re2c4]} Rxe4 29. Bd3 Rh4 $2 {[%mdl 8192] [#] Black cannot hold the game after this.} ({Better is} 29... Rxe3 $1 $14 30. fxe3 Bf8) 30. g3 $18 Ne5 (30... Rh5 {was called for.} 31. Rxb4 Rd5) 31. gxh4 {White is clearly winning.} Nxd3 32. Rb3 Ne5 33. Rxb4 {Weighted Error Value: White=0.19/Black=0.58} 1-0

[Event "EWCCC Online Preliminary-C 2020"]
[Site "Online"]
[Date "2020.12.19"]
[Round "4.4"]
[White "Lazarne Vajda, Szidonia"]
[Black "Babiy, Olga"]
[Result "1-0"]
[WhiteElo "2345"]
[BlackElo "2271"]
[Annotator "TA"]
[PlyCount "53"]
[EventDate "2020.12.19"]
[EventType "team-tourn"]
[EventCountry "NET"]
[SourceTitle "playchess.com"]
[Source "ChessBase"]
[SourceQuality "1"]

{[%evp 11,53,10,8,3,10,0,0,7,11,8,8,0,0,0,29,28,84,87,93,56,84,25,152,150,1148,1143,1097,1087,1027,884,2577,2575,1726,841,1383,1355,1499,1468,1478,1462,29973,8774,29978,2450]} 1. d4 d5 2. Nf3 Nf6 3. Bf4 c5 4. e3 Nc6 5. Nbd2 Bg4 6. c3 e6 7. Qb3 {D02: 1 d4 d5 2 Nf3 sidelines, including 2...Nf6 3 g3 and 2...Nf6 3 Bf4.} Qc8 {7...Qc8 scores better than 7...Qb6.} 8. Ne5 Nxe5 9. Bxe5 {The position is equal.} c4 10. Qa4+ {[#]} Nd7 $146 ({Predecessor:} 10... Qd7 11. Qxd7+ Nxd7 12. Bg3 b5 13. Be2 Bxe2 14. Kxe2 Nb6 15. b3 Ba3 16. Rab1 Kd7 17. bxc4 bxc4 {½-½ (54) Farazi,K (2064)-Kojima,S (2408) Batumi 2018}) 11. f3 Bh5 12. b3 {[%cal Rb3c4]} cxb3 13. axb3 Qxc3 (13... Be7 $11 {keeps the balance.}) 14. Bb5 $36 {[%mdl 2048] White is really pushing.} Bb4 (14... Qxe3+ $2 15. Kd1 $18) 15. Bxd7+ Ke7 $1 {[#]} 16. Ra2 (16. O-O $1 $16) 16... a6 {[#]} (16... Qxe3+ $11 17. Kd1 Bxd2 18. Rxd2 Bxf3+ 19. gxf3 Qxf3+ {[%mdl 64] Double Attack} 20. Kc2 Rhc8+ 21. Bxc8 (21. Kb1 $2 Qxh1+ 22. Ka2 Qe1 $19) 21... Rxc8+ 22. Kb2 (22. Kb1 Qxh1+ 23. Ka2 Rc1 $15) 22... Qxh1 23. Qb4+ Ke8 24. Bxg7 Qc1+ 25. Ka2 Rc2+ 26. Rxc2 Qxc2+ {[%mdl 64] Double Attack} 27. Ka3 Qc1+ 28. Ka4 (28. Ka2 Qc2+ 29. Ka3 Qc1+ 30. Ka2 Qc2+ $14) 28... Qa1+ 29. Qa3 Qxa3+ 30. Kxa3 a6) 17. Rc2 $1 {[%cal Rc2c3][%mdl 64] Deflection} ({Don't blunder} 17. Bxg7 $2 b5 $19) 17... Qxc2 $2 {This move loses the game for Black.} (17... Qxe3+ $16 18. Kd1 a5) 18. Qxb4+ $18 {[%mdl 64] Double Attack} Kxd7 19. Qxb7+ Kd8 20. Qxa8+ Kd7 21. Qb7+ Kd8 22. Qb8+ Kd7 23. Qxh8 Qc1+ 24. Kf2 Qxd2+ 25. Kg3 Qxe3 26. Qxg7 (26. Bf4 $142 Qc3 27. Rc1 Qxc1 28. Bxc1 h6 29. Qxg7 Bg6 30. Qxh6 Bc2 31. Qf8) 26... Bg6 27. Qf6 {Weighted Error Value: White=0.20/Black=0.99} (27. Bf4 $142 Qc3 28. Rc1 Qxc1 29. Bxc1 h6 30. Bxh6 Bh5 31. Qe5 a5 32. Bf4) 1-0

[Event "EWCCC Online Preliminary-C 2020"]
[Site "Online"]
[Date "2020.12.19"]
[Round "4.4"]
[White "Melamed, Tatjana"]
[Black "Gara, Ticia"]
[Result "1/2-1/2"]
[WhiteElo "2336"]
[BlackElo "2383"]
[Annotator "TA"]
[PlyCount "102"]
[EventDate "2020.12.19"]
[EventType "team-tourn"]
[EventCountry "NET"]
[SourceTitle "playchess.com"]
[Source "ChessBase"]
[SourceQuality "1"]

{[%evp 14,102,25,31,31,31,44,28,33,32,32,27,30,52,46,29,62,13,8,12,17,11,14,22,37,-43,29,29,27,31,18,0,24,0,95,29,68,-21,3,-37,-41,-37,-2,-14,0,0,0,-15,-15,-55,0,0,0,-19,0,-205,-194,-225,-222,-353,0,0,0,0,0,0,0,0,0,0,0,0,0,0,0,0,0,0,0,0,0,0,0,0,0,0,0,0,0,0,0]} 1. e4 c6 2. d4 d5 3. Nd2 dxe4 4. Nxe4 Nf6 5. Nxf6+ exf6 6. c3 Bd6 7. Bd3 O-O 8. Qc2 Re8+ {B15: Caro-Kann: 3 Nc3: 3...g6 and 3...dxe4 4 Nxe4 Nf6 5 Nxf6+ exf6.} 9. Ne2 h5 {The main line 9...h5 scores better than 9...h6.} 10. O-O h4 {White has an edge.} 11. h3 Nd7 12. Be3 Nf8 13. Rad1 Be6 14. c4 (14. Rfe1 {with more complications.} Qc7 15. c4 Rad8 16. Nc3 Bh2+ 17. Kh1) 14... Rc8 15. Bf4 Bxf4 16. Nxf4 {[#]} Qd6 $146 ({Predecessor:} 16... Qa5 17. b3 Qg5 18. Qd2 Rcd8 19. Rfe1 Bd7 20. Rxe8 Rxe8 21. Bc2 Ne6 22. Nxe6 Qxd2 23. Rxd2 fxe6 {½-½ (50) Kacharava,N (2443)-Jojua,D (2557) Tornelo INT 2020}) 17. Ne2 Rcd8 18. Rfe1 g6 19. Nc3 (19. Qc3 $14) 19... f5 (19... Qxd4 $15 20. Re4 Qc5) 20. d5 cxd5 21. cxd5 Bd7 $1 ({Not} 21... Bxd5 $2 22. Rxe8 Rxe8 23. Bf1 $18) 22. Qb3 b6 23. Qc4 Qf6 (23... g5 $11 {keeps the balance.}) 24. Qf4 (24. Qc7 $16) 24... g5 25. Qf3 ({White should try} 25. Qc7 $14) 25... Kg7 (25... Rxe1+ {looks sharper.} 26. Rxe1 Ng6 27. Rd1 Kg7 28. Be2 Nf4) 26. d6 (26. Rxe8 {seems wilder.} Rxe8 27. Bb5 Re5 28. Qd3 Qe7 29. Qd2) 26... Rxe1+ 27. Rxe1 Qxd6 {White should prevent ...Bc6.} 28. Bxf5 Bxf5 29. Qxf5 Qf6 30. Qg4 Ne6 31. Ne4 Qg6 (31... Qe5 $15 32. Re3 Kg6) 32. Qf3 $11 Nd4 33. Qc3 Kh6 34. Qc7 $2 (34. a3 $11 {and White stays safe.}) 34... Re8 $19 35. f3 f5 36. Qd7 {[#]} (36. Qc3 $142 Qg7 37. Nd6 Rxe1+ 38. Qxe1) 36... fxe4 $2 (36... Nc6 $1 $19 37. Rc1 Ne5) 37. Qxd4 $11 {[%cal Rf3e4] The position is equal.} exf3 38. Rxe8 Qxe8 $19 {[%mdl 4096] Endgame KQ-KQ} 39. Qf6+ {[%mdl 64] Double Attack} Kh7 {( -> ...Qe1+)} 40. Qxf3 Qe1+ 41. Qf1 Qe3+ 42. Kh1 Kg6 43. Qd1 Kf5 44. Qd5+ Kf4 45. Qd6+ Ke4 {...Qc1+ is the strong threat.} 46. Qe7+ Kd3 47. Qxa7 {[#] Threatens to win with Qa3+.} Qe1+ 48. Kh2 Qe5+ 49. Kh1 Qe1+ 50. Kh2 Qg3+ 51. Kh1 Qe1+ {Weighted Error Value: White=0.31/Black=0.23} 1/2-1/2

[Event "EWCCC Online Preliminary-C 2020"]
[Site "Online"]
[Date "2020.12.19"]
[Round "4.4"]
[White "Obolentseva, Alexandra"]
[Black "Papp, Petra"]
[Result "1/2-1/2"]
[WhiteElo "2305"]
[BlackElo "2336"]
[Annotator "TA"]
[PlyCount "87"]
[EventDate "2020.12.19"]
[EventType "team-tourn"]
[EventCountry "NET"]
[SourceTitle "playchess.com"]
[Source "ChessBase"]
[SourceQuality "1"]

{[%evp 19,87,0,0,-1,-2,-2,-6,-12,-10,-6,-6,-72,-84,-104,-106,-95,-102,-95,-66,-66,-81,-88,-66,-66,-66,-66,-66,-68,-67,-69,-68,-68,-68,-68,-68,-74,-56,-84,-75,-105,-91,-108,-51,-51,-51,-51,-24,-24,-24,-24,-14,-14,-10,-10,-10,-23,-14,-14,-13,-14,-14,-14,-12,-12,-12,-38,-12,-12,-12,-38]} 1. d4 Nf6 2. c4 g6 3. Nc3 d5 4. Nf3 Bg7 5. e3 O-O 6. cxd5 Nxd5 7. Bc4 Nxc3 8. bxc3 c5 9. O-O Nc6 10. Qe2 Qc7 11. Rd1 {D94: Grünfeld: 4 Nf3 Bg7 5 e3.} b6 12. e4 Bg4 {[#] Hoping for ...cxd4.} 13. Be3 cxd4 14. cxd4 {[#]} e5 $146 ({Predecessor:} 14... Bxf3 15. gxf3 Qd7 16. Rac1 Nxd4 17. Bxd4 Bxd4 18. Bb5 Qd6 19. Rc6 Qe5 20. f4 Qg7 {0-1 (27) Obolentseva,A (2353)-Makoveev,I (2257) Moscow 2018}) 15. Bd5 (15. dxe5 $11 Nxe5 16. Bd5) 15... exd4 $17 16. Rac1 dxe3 17. Rxc6 exf2+ 18. Qxf2 Qf4 19. h3 Bxf3 20. Qxf3 Qxf3 (20... Qe5 {with more complications.} 21. Qa3 Rab8 22. Kh1 Kh8 23. Rcc1 f5) 21. gxf3 Be5 22. Kf2 Kg7 23. Ke3 {With the idea f4.} g5 24. Ke2 Rac8 25. Rdc1 Rxc6 26. Rxc6 $15 {[%mdl 4096] Endgame KRB-KRB} Rd8 27. a4 Rd6 28. Rc1 Rd7 29. Rg1 h6 30. h4 Kf6 (30... Rc7 $17 31. hxg5 h5) 31. hxg5+ hxg5 32. Rc1 Rc7 33. Rxc7 Bxc7 $11 {KB-KB} 34. Kd3 Bg3 35. Kc4 Bf2 36. Kb5 a5 37. Kc4 Ke7 38. Kb5 f6 39. Bb7 Kd6 40. Bc8 Ke5 41. Bg4 $1 Kf4 42. Bh5 Bc5 43. Bg4 Ke5 44. Bh5 {Weighted Error Value: White=0.09/Black=0.06} 1/2-1/2

[Event "EWCCC Online Preliminary-C 2020"]
[Site "Online"]
[Date "2020.12.19"]
[Round "5.1"]
[White "Belenkaya, Dina"]
[Black "Mar, Karmen"]
[Result "1-0"]
[WhiteElo "2293"]
[BlackElo "2093"]
[Annotator "TA"]
[PlyCount "111"]
[EventDate "2020.12.19"]
[EventType "team-tourn"]
[EventCountry "NET"]
[SourceTitle "playchess.com"]
[Source "ChessBase"]
[SourceQuality "1"]

{[%evp 11,111,0,12,-5,-15,-18,-25,-21,10,14,19,10,21,0,20,-10,28,-27,-30,-47,2,-4,37,31,31,36,32,33,50,42,50,28,55,48,93,93,93,93,93,89,102,102,105,107,116,61,90,89,87,79,86,72,103,76,102,83,159,106,197,60,268,275,244,338,279,325,318,295,827,801,791,804,809,788,756,707,902,898,849,768,772,743,1427,1381,1209,1061,1454,1394,1970,1918,29975,29976,29979,29980,29982,29983,29983,29980,29984,29983,29985,29960]} 1. e4 c5 2. Nc3 Nc6 3. g3 g6 4. Bg2 Bg7 5. Nf3 d6 6. d3 e6 7. Bg5 {B25: Closed Sicilian: 3 g3, lines without early Be3.} Nge7 8. Qd2 Nd4 9. O-O {[#] Black has an edge.} Nxf3+ $146 (9... h6 {is more complex.} 10. Be3 e5 11. Ne1 h5 12. Nf3 f6) ({Predecessor:} 9... O-O 10. Ne1 b5 11. Nd1 b4 12. c3 bxc3 13. bxc3 Ndc6 14. Bh6 Rb8 15. Bxg7 Kxg7 {½-½ (63) Belenkaya,D (2300)-Nechaeva,M (2366) Sochi 2019}) 10. Bxf3 O-O 11. Bg2 Qd7 12. h4 Rb8 13. h5 b5 {[%cal Bb7b5,Bb5b4][%mdl 32]} 14. Rae1 (14. Bh6 $142) 14... b4 $11 15. Nd1 Bb7 16. Bh6 Bxh6 17. Qxh6 Kh8 18. Ne3 Ng8 19. Qf4 $40 {[%mdl 128] White is up to no good.} e5 20. Qh4 Qe7 21. Qh2 Qg5 22. f4 Qxh5 23. Qxh5 gxh5 24. fxe5 dxe5 25. Rf5 Rbe8 26. Ref1 f6 27. Rxh5 Ne7 28. Nc4 (28. Bh3 $16) 28... Rd8 29. Bh3 Kg7 30. Kg2 Ba6 31. Ne3 Bb7 32. Rh1 Rh8 33. Bf5 {[%cal Rh5h7]} Ng6 (33... h6 $142) 34. Ng4 (34. Rh6 $142) 34... c4 (34... Bc8 $16) 35. Bxg6 (35. dxc4 $18 {And now Rh6 would win.} Bc6 36. Kf3) 35... hxg6 $2 {Loses the game.} (35... Kxg6 $14 36. Rh6+ Kg7) 36. Rxh8 $18 {[%mdl 64] [#] Overworked Piece} Rxh8 37. Rxh8 Kxh8 38. Nxf6 cxd3 39. cxd3 {[%mdl 4096] Endgame KB-KN} Kg7 $2 {[#]} (39... Ba6 40. Nd7 Bxd3) 40. Nd7 Ba6 41. Nxe5 Kf6 42. Nc4 Bb5 43. Kf3 Bd7 44. d4 Bb5 45. Ne3 Ke6 46. Kf4 a5 47. d5+ Ke7 48. Ke5 a4 49. d6+ Kd7 50. a3 bxa3 51. bxa3 {White mates.} Bd3 52. Nd5 Bb5 53. Nf6+ Kd8 54. Nh7 Bc4 55. Nf8 g5 56. Ne6+ {Weighted Error Value: White=0.19/Black=0.32} 1-0

[Event "EWCCC Online Preliminary-C 2020"]
[Site "Online"]
[Date "2020.12.19"]
[Round "5.1"]
[White "Babiy, Olga"]
[Black "Mihevc-Mohr, Narcisa"]
[Result "1-0"]
[WhiteElo "2271"]
[BlackElo "1974"]
[Annotator "TA"]
[PlyCount "39"]
[EventDate "2020.12.19"]
[EventType "team-tourn"]
[EventCountry "NET"]
[SourceTitle "playchess.com"]
[Source "ChessBase"]
[SourceQuality "1"]

{[%evp 17,38,37,41,44,44,18,39,34,47,37,39,19,44,47,103,66,81,-27,70,32,40,-1,29999]} 1. e4 c5 2. Nf3 e6 3. d4 cxd4 4. Nxd4 Nf6 5. Nc3 Nc6 6. Nxc6 bxc6 7. e5 Nd5 8. Ne4 Qa5+ 9. c3 f5 10. exf6 $1 {B45: Sicilian Four Knights.} Nxf6 11. Nd6+ Bxd6 12. Qxd6 {[#] White is slightly better.} Ne4 $146 ({Predecessor:} 12... Ba6 13. Bxa6 Qxa6 14. b3 Ne4 15. Qd4 d5 16. f3 Nf6 17. c4 O-O 18. O-O Rae8 {0-1 (53) Svidler,P (2696)-Lautier,J (2653) Cannes 2001}) 13. Qd4 Nf6 $1 14. Bd3 O-O 15. O-O $36 {[%mdl 2048] White has good play.} Qh5 (15... e5 $14 16. Qc4+ Rf7) 16. h3 e5 17. Qc4+ (17. Qd6 $16) 17... Kh8 ({Black should play} 17... d5 $1 $11 18. Qxc6 Bf5) 18. Be2 Qg6 19. Qc5 Nd5 $2 {[%mdl 8192] [#]} (19... d6 $11 20. Qxd6 Bxh3) 20. Qxf8# {Weighted Error Value: White=0.33/Black=0.85} 1-0

[Event "EWCCC Online Preliminary-C 2020"]
[Site "Online"]
[Date "2020.12.19"]
[Round "5.1"]
[White "Hrenic, Misa"]
[Black "Obolentseva, Alexandra"]
[Result "0-1"]
[WhiteElo "2020"]
[BlackElo "2305"]
[Annotator "NA"]
[PlyCount "76"]
[EventDate "2020.12.19"]
[EventType "team-tourn"]
[EventCountry "NET"]
[SourceTitle "playchess.com"]
[Source "ChessBase"]
[SourceQuality "1"]
[TimeControl "900+5"]

1. e4 {[%emt 0:00:00]} c5 {[%emt 0:00:04]} 2. Nf3 {[%emt 0:00:03]} d6 {[%emt 0:00:01]} 3. d4 {[%emt 0:00:02]} cxd4 {[%emt 0:00:02]} 4. Nxd4 {[%emt 0:00:01]} Nf6 {[%emt 0:00:02]} 5. Nc3 {[%emt 0:00:02]} a6 {[%emt 0:00:02]} 6. g3 {[%emt 0:01:35]} e5 {[%emt 0:00:13]} 7. Nb3 {[%emt 0:00:26]} b5 {[%emt 0:00:11]} 8. a3 {[%emt 0:00:04]} Bb7 {[%emt 0:00:03]} 9. Bg2 {[%emt 0:00:02]} Be7 {[%emt 0:00:11]} 10. O-O {[%emt 0:00:14]} O-O {[%emt 0:00:04]} 11. Qe2 {[%emt 0:00:57]} Nbd7 {[%emt 0:00:06]} 12. Bg5 {[%emt 0:00:08]} Rc8 {[%emt 0:00:31]} 13. Rfd1 {[%emt 0:00:47]} Qc7 {[%emt 0:00:11]} 14. Bxf6 {[%emt 0:01:44]} Nxf6 {[%emt 0:00:03]} 15. Rd3 {[%emt 0:00:05]} Qb6 {[%emt 0:00:08]} 16. Rad1 {[%emt 0:00:07]} a5 {[%emt 0:00:26]} 17. Nb1 {[%emt 0:04:14]} Rc4 {[%emt 0:00:26]} 18. Rc3 {[%emt 0:01:25]} Rfc8 {[%emt 0:00:26]} 19. N3d2 {[%emt 0:00:38]} Rxc3 {[%emt 0:00:04]} 20. bxc3 {[%emt 0:00:44]} Ba6 {[%emt 0:00:03]} 21. Qd3 {[%emt 0:01:09]} Nd7 {[%emt 0:00:12]} 22. Qd5 {[%emt 0:00:12]} Nc5 {[%emt 0:00:14]} 23. Nb3 {[%emt 0:00:15]} Bb7 {[%emt 0:00:09]} 24. Qd2 {[%emt 0:00:21]} Nxe4 {[%emt 0:00:03]} 25. Qe1 {[%emt 0:00:29]} Nc5 {[%emt 0:00:29]} 26. Nxc5 {[%emt 0:00:08]} Rxc5 {[%emt 0:00:04]} 27. Bxb7 {[%emt 0:00:20]} Qxb7 {[%emt 0:00:02]} 28. Rd3 {[%emt 0:00:12]} Qc6 {[%emt 0:00:07]} 29. Qe3 {[%emt 0:00:14]} f5 {[%emt 0:00:18]} 30. f3 {[%emt 0:00:36]} Bd8 {[%emt 0:01:03]} 31. Kh1 {[%emt 0:00:13]} h6 {[%emt 0:00:22]} 32. Qd2 {[%emt 0:00:02]} d5 {[%emt 0:00:11]} 33. Qe1 {[%emt 0:00:04]} e4 {[%emt 0:00:07]} 34. fxe4 {[%emt 0:00:07]} fxe4 {[%emt 0:00:02]} 35. Rd2 {[%emt 0:00:03]} Bf6 {[%emt 0:00:22]} 36. Rf2 {[%emt 0:00:03]} d4 {[%emt 0:00:34]} 37. Kg1 {[%emt 0:00:13]} dxc3 {[%emt 0:00:10]} 38. Qe3 {[%emt 0:00:03]} Rd5 {[%emt 0:00:08]} 0-1